000 00607nam a2200265Ia 4500
005 20260306164355.0
008 008 260114s9999 xx 000 0 eng d
020 _a9780804779807
037 _aEBOOK
040 _aCRL
040 _beng
040 _cCRL
041 _2eng
041 _aeng
084 _qCRL
100 _aWu
245 0 _aFrom Iron Fist To Invisible Hand
260 _bStanford University Press
260 _c2013
650 _aEconomics & Finance
856 _uhttps://academic.oup.com/book/16929
942 _cEBOOK
999 _c1713833
_d1713833